000
00271nam a22001097a 4500
008
170118b xxu||||| |||| 00| 0 eng d
020
_a
9780781768641
041
_a
eng
080
_a
618.2
245
_a
TRENTS&ISSUES IN PROFESSIONAL NURSING
_c
OVERHOLT, E.F
942
_2
udc
_c
BK
999
_c
3061
_d
3061